[Event "DVM U14w 2013"]
[Site "Oberbernhards-Hilders GER"]
[Date "2013.12.28"]
[Round "4"]
[White "Bießlich, Susan"]
[Black "Reitz, Theresa"]
[Result "0-1"]
[Termination "normal"]
[Board "6.3"]
[WhiteElo "1221"]
[BlackElo "1308"]
[WhiteTeam "SV "Glück auf" Rüdersdorf"]
[BlackTeam "SV Turm Lahnstein"]
[WhiteFideId "12983349"]
[BlackFideId "12971901"]
[EventCountry "GER"]
[EventRounds "7"]
[EventType "team-swiss"]
[EventDate "2013.12.26"]

1. e4 c5 2. Nf3 e6 3. d4 cxd4 4. Nxd4 a6 5. Nc3 Qc7 6. a3 Nf6 7. Be3 Be7 8. Be2
O-O 9. Qd2 b5 10. O-O Bb7 11. Qd3 d5 12. exd5 Nxd5 13. Nxd5 Bxd5 14. c3 Nd7 15.
Qd2 Ne5 16. Bf4 Bd6 17. Bg3 Nc6 18. Bxd6 Qxd6 19. Rfe1 Rfd8 20. Rad1 Rd7 21.
Bf3 Rad8 22. Bxd5 Qxd5 23. Nxc6 Qxc6 24. Qe2 Rd5 25. Rxd5 Qxd5 26. Rd1 Qxd1+
27. Qf1 Qc2 28. h3 Rd1 0-1

[Event "DVM U14w 2013"]
[Site "Oberbernhards-Hilders GER"]
[Date "2013.12.28"]
[Round "4"]
[White "Rau, Jennifer"]
[Black "Friedrich, Laura"]
[Result "1/2-1/2"]
[Termination "normal"]
[Board "6.4"]
[WhiteElo "1098"]
[BlackElo "932"]
[WhiteTeam "SV Turm Lahnstein"]
[BlackTeam "SV "Glück auf" Rüdersdorf"]
[WhiteFideId "12983276"]
[BlackFideId "12952249"]
[EventCountry "GER"]
[EventRounds "7"]
[EventType "team-swiss"]
[EventDate "2013.12.26"]

1. e4 e5 2. Nf3 Nc6 3. Bc4 Nf6 4. d3 Bc5 5. c3 d5 6. exd5 Nxd5 7. g3 Bg4 8.
Nbd2 O-O 9. b4 Bb6 10. Qb3 Bxf3 11. Nxf3 Nf6 12. Ng5 Qe7 13. O-O Ng4 14. h3 Nf6
15. a4 a6 16. b5 Na5 17. Qa2 Nxc4 18. Qxc4 h6 19. Ne4 axb5 20. Nxf6+ Qxf6 21.
Qxb5 Rad8 22. Be3 Bxe3 23. fxe3 Qg6 24. Qxe5 Rxd3 25. Rf3 Rd2 26. Raf1 Qc2 27.
R1f2 Qc1+ 28. Kg2 Rfd8 29. Rxf7 Rxf2+ 30. Rxf2 Rd2 31. Qe8+ Kh7 32. Qe4+ Kg8
33. Qe8+ Kh7 34. Qe4+ Kg8 1/2-1/2

[Event "DVM U14w 2013"]
[Site "Oberbernhards-Hilders GER"]
[Date "2013.12.28"]
[Round "4"]
[White "Havenith, Julia"]
[Black "Sadewasser, Lucie"]
[Result "0-1"]
[Termination "normal"]
[Board "7.1"]
[WhiteElo "1451"]
[BlackElo "1542"]
[WhiteTeam "SG Solingen"]
[BlackTeam "TSG Gadebusch"]
[WhiteFideId "12983284"]
[BlackFideId "12905445"]
[EventCountry "GER"]
[EventRounds "7"]
[EventType "team-swiss"]
[EventDate "2013.12.26"]

1. e4 d6 2. d4 Nf6 3. Nc3 g6 4. Nf3 Bg7 5. Bc4 c6 6. O-O b5 7. Bd3 a6 8. Ne2
Bg4 9. Ng3 h5 10. h4 Nh7 11. Be2 Bxf3 12. Bxf3 Bf6 13. Ne2 Bxh4 14. c3 Bf6 15.
a4 Ng5 16. Bxg5 Bxg5 17. e5 d5 18. axb5 cxb5 19. Qb3 e6 20. Qc2 Nc6 21. b4 Qc8
22. Nc1 Nxd4 23. Qd3 Nxf3+ 24. Qxf3 Qc7 25. Qg3 Qe7 26. Nd3 Bh6 27. Nc5 a5 28.
Qd3 O-O 29. Qxb5 axb4 30. cxb4 Rab8 31. Qa4 Rfd8 32. f4 Bf8 33. Rac1 Ra8 34.
Qb3 Rdc8 35. Rf2 Qa7 36. Rfc2 Rab8 37. Ra2 Bxc5+ 38. bxc5 Rxc5 39. Qxb8+ Qxb8
40. Rxc5 Qb1+ 0-1

[Event "DVM U14w 2013"]
[Site "Oberbernhards-Hilders GER"]
[Date "2013.12.28"]
[Round "4"]
[White "Dorendorf, Lena"]
[Black "Kublanov, Carolin"]
[Result "0-1"]
[Termination "normal"]
[Board "7.2"]
[WhiteElo "1160"]
[BlackElo "1492"]
[WhiteTeam "TSG Gadebusch"]
[BlackTeam "SG Solingen"]
[WhiteFideId "12983373"]
[BlackFideId "12944548"]
[EventCountry "GER"]
[EventRounds "7"]
[EventType "team-swiss"]
[EventDate "2013.12.26"]

1. e4 e5 2. Nf3 Nc6 3. Nc3 Nf6 4. Bb5 a6 5. Bxc6 dxc6 6. Nxe5 Qe7 7. d4 Nxe4 8.
Nxe4 f6 9. Bf4 fxe5 10. Bxe5 Bf5 11. Qf3 Bxe4 12. Qxe4 O-O-O 13. c3 Qd7 14. O-O
Bd6 15. Rfd1 Bxe5 16. Qxe5 Rhe8 17. Qc5 Kb8 18. a4 Re2 19. Qh5 Rde8 20. Qxh7
Rxb2 21. h3 Ree2 22. Rf1 Qf7 23. Qh4 Rbc2 24. Ra3 g5 25. Qg3 Qe7 26. Raa1 c5
27. Qd3 Qf6 28. Qf3 Qxf3 29. gxf3 Rxc3 30. dxc5 Rxc5 31. Kg2 Rc4 32. Ra3 c6 33.
Rfa1 Rcc2 34. Rf1 Rc4 35. Rfa1 Kc7 36. a5 Rc5 37. Rb1 Rd5 38. Ra4 Rdd2 39. Rf1
Kd6 40. f4 gxf4 41. Rxf4 Ra2 42. Rf5 c5 43. Rb1 Reb2 44. Rxb2 Rxb2 45. Rf4 Ra2
46. h4 Rxa5 47. h5 c4 48. h6 Rh5 49. Rf6+ Ke7 50. Rb6 Kd8 51. f4 c3 52. Rb1
Rxh6 53. Rc1 Rc6 54. Kf2 b5 55. Ke2 b4 56. Kd3 a5 57. Rc2 a4 58. Ke2 b3 59. Rc1
b2 0-1

[Event "DVM U14w 2013"]
[Site "Oberbernhards-Hilders GER"]
[Date "2013.12.28"]
[Round "4"]
[White "Möller, Laura"]
[Black "Lübbert, Charline"]
[Result "1/2-1/2"]
[Termination "normal"]
[Board "7.3"]
[WhiteElo "1145"]
[BlackElo "1166"]
[WhiteTeam "SG Solingen"]
[BlackTeam "TSG Gadebusch"]
[WhiteFideId "12911720"]
[BlackFideId "12983381"]
[EventCountry "GER"]
[EventRounds "7"]
[EventType "team-swiss"]
[EventDate "2013.12.26"]

1. c4 Nf6 2. Nc3 e6 3. g3 c6 4. Bg2 d5 5. b3 e5 6. e3 Be6 7. cxd5 cxd5 8. d4
Bb4 9. Bd2 exd4 10. exd4 Nc6 11. Nf3 Bg4 12. Ne2 Qe7 13. O-O O-O 14. Bxb4 Qxb4
15. Re1 Rfe8 16. a3 Qd6 17. Qd2 Re7 18. Nf4 Rae8 19. Rxe7 Rxe7 20. b4 a6 21.
Re1 Bxf3 22. Rxe7 Qxe7 23. Bxf3 Qd6 24. Qa2 1/2-1/2

[Event "DVM U14w 2013"]
[Site "Oberbernhards-Hilders GER"]
[Date "2013.12.28"]
[Round "4"]
[White "Albrecht, Marie"]
[Black "Bashylina, Luisa"]
[Result "1-0"]
[Termination "normal"]
[Board "7.4"]
[WhiteElo "850"]
[BlackElo "891"]
[WhiteTeam "TSG Gadebusch"]
[BlackTeam "SG Solingen"]
[WhiteFideId "12983390"]
[BlackFideId "12983292"]
[EventCountry "GER"]
[EventRounds "7"]
[EventType "team-swiss"]
[EventDate "2013.12.26"]

1. e4 e5 2. Nf3 d6 3. Bb5+ Nc6 4. Bxc6+ bxc6 5. O-O Be7 6. d3 Nf6 7. Nc3 O-O 8.
d4 exd4 9. Nxd4 c5 10. Nf3 Ba6 11. Ne2 Nd7 12. Qd5 Re8 13. Ng5 Rf8 14. Qf5 g6
15. Qg4 Bxe2 16. Qh4 h5 17. Re1 Bxg5 18. Bxg5 Qb8 19. Rxe2 Qxb2 20. Ree1 Rab8
21. Bh6 Rfc8 22. Qe7 Rd8 23. Rab1 Qc3 24. Red1 Qxc2 25. Rbc1 Qxa2 26. e5 Rb7
27. Qxd8+ Kh7 28. exd6 Qe2 29. dxc7 Rb2 30. Rf1 Kxh6 31. c8=Q Qg4 32. h3 Qd4
33. Qdxd7 Qe4 34. Qxc5 Re2 35. Qd8 h4 36. Qh8# 1-0

[Event "DVM U14w 2013"]
[Site "Oberbernhards-Hilders GER"]
[Date "2013.12.28"]
[Round "4"]
[White "Rieger, Lotta"]
[Black "Mütsch, Annmarie"]
[Result "0-1"]
[Termination "normal"]
[Board "8.1"]
[WhiteElo "1360"]
[BlackElo "1491"]
[WhiteTeam "SV Empor Erfurt"]
[BlackTeam "Karlsruher SF 1853"]
[WhiteFideId "12964620"]
[BlackFideId "12971367"]
[EventCountry "GER"]
[EventRounds "7"]
[EventType "team-swiss"]
[EventDate "2013.12.26"]

1. e4 e5 2. Nf3 Nc6 3. d4 exd4 4. Nxd4 Nxd4 5. Qxd4 d6 6. Bc4 c6 7. O-O Nf6 8.
Nc3 Be7 9. Bb3 O-O 10. Bf4 Be6 11. Rad1 Bxb3 12. axb3 c5 13. Qd3 Ne8 14. Rd2
Qd7 15. e5 Rd8 16. Rfd1 Qe6 17. Nd5 b6 18. Nxe7+ Qxe7 19. exd6 Qf6 20. Qg3 Qg6
21. Qxg6 fxg6 22. Bg3 Rd7 23. Re1 Nf6 24. Re7 Re8 25. Rde2 Rexe7 26. Rxe7 Kf8
27. Rxd7 Nxd7 28. Kf1 Kf7 29. Ke2 Ke6 30. Ke3 Nf6 31. Kd3 Nh5 32. Kc4 Nxg3 33.
hxg3 Kxd6 34. Kb5 Kc7 35. Ka6 Kb8 36. Kb5 Kb7 37. b4 a6+ 38. Kc4 cxb4 39. Kxb4
Kc6 40. Kc4 b5+ 41. Kd4 Kd6 42. Ke4 a5 43. Kd4 a4 44. c3 h5 45. f3 Kc6 46. f4
Kd6 47. c4 b4 48. c5+ Kc6 49. Kc4 a3 50. bxa3 bxa3 51. Kb3 a2 52. Kxa2 Kxc5 53.
Kb3 Kd4 54. Kb4 Ke3 55. Kc5 Kf2 56. Kd5 Kxg3 57. Ke4 Kxg2 0-1

[Event "DVM U14w 2013"]
[Site "Oberbernhards-Hilders GER"]
[Date "2013.12.28"]
[Round "4"]
[White "Bykov, Ilona"]
[Black "Schulz, Theresa Charlotte"]
[Result "0-1"]
[Termination "normal"]
[Board "8.2"]
[WhiteElo "1200"]
[BlackElo "1283"]
[WhiteTeam "Karlsruher SF 1853"]
[BlackTeam "SV Empor Erfurt"]
[WhiteFideId "12964433"]
[BlackFideId "12952206"]
[EventCountry "GER"]
[EventRounds "7"]
[EventType "team-swiss"]
[EventDate "2013.12.26"]

1. e4 c5 2. c3 d5 3. exd5 Qxd5 4. d4 e6 5. Nf3 Nf6 6. Bd3 Be7 7. Be3 b6 8. Nbd2
cxd4 9. cxd4 O-O 10. Qc2 Bb7 11. Qc4 Nc6 12. O-O Rac8 13. Rac1 Qd6 14. Qb3 Ng4
15. Ne4 Qb8 16. Bb5 Nxd4 17. Bxd4 Bxe4 18. g3 Qb7 19. Be2 Bd5 20. Qd3 a5 21. a3
Be4 22. Qb3 Rb8 23. a4 Rfd8 24. Rfd1 Bd5 25. Qd3 Rbc8 26. Rxc8 Rxc8 27. Ne5
Nxe5 28. Bxe5 Qc6 29. Qb5 Qxb5 30. Bxb5 f6 31. Bc3 Bc6 32. Bxc6 Rxc6 33. Kf1
Rc4 34. Ke2 Rxa4 35. Rd7 Bc5 36. f3 Ra1 37. Rd2 Rh1 38. Kd3 Re1 39. Rc2 Re3+
40. Kc4 Rxf3 41. Rd2 Rf2 42. Rd8+ Kf7 43. h3 Rf3 44. Be1 Bf2 45. Bc3 Rxg3 46.
h4 Rg4+ 47. Kd3 Rxh4 48. Ke2 Rh2 49. Kf3 Ke7 50. Rg8 Kf7 51. Rd8 Bc5 52. Rd7+
Kg6 53. Kg3 Rc2 54. Rd1 Ba3 55. Bxf6 gxf6 56. bxa3 Rc3+ 57. Kf4 Rxa3 58. Rg1+
Kf7 59. Rb1 Ra4+ 60. Ke3 Rb4 61. Rh1 a4 62. Rxh7+ Kg6 63. Ra7 Rb3+ 64. Ke4 a3
65. Kf4 e5+ 66. Ke4 b5 67. Ra6 Rb4+ 68. Ke3 Ra4 69. Rb6 a2 70. Rxb5 a1=Q 71.
Rd5 Qc3+ 72. Ke2 Ra2+ 73. Kf1 Qc1+ 74. Rd1 Qxd1# 0-1

[Event "DVM U14w 2013"]
[Site "Oberbernhards-Hilders GER"]
[Date "2013.12.28"]
[Round "4"]
[White "Allin, Katharina"]
[Black "Henke, Hanna"]
[Result "0-1"]
[Termination "normal"]
[Board "8.3"]
[WhiteElo "1306"]
[BlackElo "1178"]
[WhiteTeam "SV Empor Erfurt"]
[BlackTeam "Karlsruher SF 1853"]
[WhiteFideId "12903779"]
[BlackFideId "12964441"]
[EventCountry "GER"]
[EventRounds "7"]
[EventType "team-swiss"]
[EventDate "2013.12.26"]

1. e4 e5 2. Nf3 Nc6 3. Bc4 Bc5 4. c3 Nf6 5. d3 d6 6. Bb3 Bg4 7. h3 Bh5 8. Nbd2
Qe7 9. Nf1 O-O-O 10. Ne3 Bxe3 11. Bxe3 Kb8 12. Bc2 d5 13. g4 Bg6 14. Qe2 dxe4
15. dxe4 Nxe4 16. Bxe4 Bxe4 17. Bxa7+ Kxa7 18. Qxe4 Kb8 19. O-O h5 20. Rad1
hxg4 21. Rxd8+ Rxd8 22. Qxg4 g6 23. Re1 Qd6 24. Qg3 Re8 25. b4 Qd5 26. a4 b5
27. a5 Re7 28. Qg5 Qxf3 29. c4 Qf5 30. Qh4 Qe6 31. cxb5 Nd4 32. Qe4 Nxb5 33.
Rd1 Rd7 34. Rxd7 Qxd7 35. Qxe5 Qc6 36. Qe7 Nd6 37. Qe2 Qc4 38. Qb2 Ka7 39. Qd2
Ka6 0-1

[Event "DVM U14w 2013"]
[Site "Oberbernhards-Hilders GER"]
[Date "2013.12.28"]
[Round "4"]
[White "Ketterer, Beatrice"]
[Black "Geletzke, Hannah"]
[Result "1/2-1/2"]
[Termination "normal"]
[Board "8.4"]
[WhiteElo "752"]
[BlackElo "1176"]
[WhiteTeam "Karlsruher SF 1853"]
[BlackTeam "SV Empor Erfurt"]
[WhiteFideId "12983411"]
[BlackFideId "12983330"]
[EventCountry "GER"]
[EventRounds "7"]
[EventType "team-swiss"]
[EventDate "2013.12.26"]

1. e4 e5 2. Nf3 Nc6 3. Bc4 Bc5 4. d3 Nf6 5. Nc3 d6 6. O-O Bg4 7. Bg5 h6 8. Bh4
g5 9. Bg3 Qd7 10. Nb5 Nd4 11. Nbxd4 Bxd4 12. c3 Bb6 13. Re1 O-O-O 14. d4 Nh5
15. dxe5 Nxg3 16. hxg3 Bxf3 17. Qxf3 dxe5 18. Qh5 f6 19. Bf7 Qd2 20. Re2 Qd7
21. Bg6 Qd3 22. Qg4+ Kb8 23. Bh5 Rhf8 24. Qf5 Qxg3 25. Kh1 Qh4+ 26. Qh3 Qxh3+
27. gxh3 Rd3 28. f3 Rfd8 29. c4 Rd2 30. Rxd2 Rxd2 31. b3 c6 32. a4 Bd4 33. Rc1
Rb2 34. Rf1 Rxb3 35. Kh2 b5 36. axb5 cxb5 37. cxb5 Rxb5 38. Kg3 a5 39. Kg4 Rb6
40. Kf5 Bc5 41. Ra1 Ra6 42. Rb1+ Ka7 43. Kg6 a4 44. Kxh6 a3 45. Bf7 a2 46. Ra1
Bd4 47. Rxa2 Rxa2 48. Bxa2 Bb6 1/2-1/2

[Event "DVM U14w 2013"]
[Site "Oberbernhards-Hilders GER"]
[Date "2013.12.28"]
[Round "4"]
[White "Semenova, Alisa"]
[Black "Voß, Henrike"]
[Result "1/2-1/2"]
[Termination "normal"]
[Board "9.1"]
[WhiteElo "1586"]
[BlackElo "1244"]
[WhiteTeam "SK Neumarkt"]
[BlackTeam "SC Schachelschweine"]
[WhiteFideId "1272132"]
[BlackFideId "12971910"]
[EventCountry "GER"]
[EventRounds "7"]
[EventType "team-swiss"]
[EventDate "2013.12.26"]

1. e4 e5 2. Nf3 Nc6 3. Bc4 Bc5 4. b4 Bxb4 5. c3 Be7 6. d4 exd4 7. cxd4 d6 8.
Bd2 Nf6 9. Nc3 a6 10. d5 Ne5 11. Nxe5 dxe5 12. O-O O-O 13. h3 Bd7 14. a4 h6 15.
Be3 Bd6 16. Rb1 b6 17. Qe2 Qc8 18. Rfc1 Qb7 19. Bd3 Rfb8 20. a5 b5 21. Na4 Ba3
22. Rc3 Bd6 23. Nc5 Qc8 24. Nxd7 Nxd7 25. Rbb3 Qd8 26. Qf3 Rc8 27. Qg3 Qf6 28.
Be2 Qg6 29. Bg4 1/2-1/2

[Event "DVM U14w 2013"]
[Site "Oberbernhards-Hilders GER"]
[Date "2013.12.28"]
[Round "4"]
[White "Christiansen, Anna"]
[Black "Schilay, Eva"]
[Result "1-0"]
[Termination "normal"]
[Board "9.2"]
[WhiteElo "1094"]
[BlackElo "1232"]
[WhiteTeam "SC Schachelschweine"]
[BlackTeam "SK Neumarkt"]
[WhiteFideId "12952230"]
[BlackFideId "12930164"]
[EventCountry "GER"]
[EventRounds "7"]
[EventType "team-swiss"]
[EventDate "2013.12.26"]

1. e4 d5 2. exd5 Qxd5 3. Nc3 Qa5 4. Nf3 c6 5. Bc4 Bf5 6. d3 Nf6 7. Bd2 Qb6 8.
b4 e6 9. a3 Bd6 10. Qe2 Nbd7 11. Ne4 Be7 12. Bf4 O-O 13. h3 Bg6 14. O-O Nd5 15.
Bh2 N7f6 16. Bd6 Nxe4 17. Bxe7 Nxe7 18. dxe4 Rfd8 19. Rad1 h6 20. Ne5 Qc7 21.
Nxg6 Nxg6 22. g3 Ne5 23. Bb3 Rd7 24. Rxd7 Qxd7 25. Rd1 Qe7 26. Qh5 Qf6 27. f4
Ng6 28. e5 Qe7 29. f5 exf5 30. Qxg6 Kf8 31. Qxf5 Ke8 32. e6 fxe6 33. Bxe6 Qc7
34. Qg6+ Kf8 35. Rf1+ 1-0

[Event "DVM U14w 2013"]
[Site "Oberbernhards-Hilders GER"]
[Date "2013.12.28"]
[Round "4"]
[White "Schilay, Maria"]
[Black "Truong, Lisa"]
[Result "0-1"]
[Termination "normal"]
[Board "9.3"]
[WhiteElo "1090"]
[BlackElo "1017"]
[WhiteTeam "SK Neumarkt"]
[BlackTeam "SC Schachelschweine"]
[WhiteFideId "12942979"]
[BlackFideId "12983462"]
[EventCountry "GER"]
[EventRounds "7"]
[EventType "team-swiss"]
[EventDate "2013.12.26"]

1. e4 e5 2. Nf3 Nc6 3. Nc3 Nf6 4. a3 Bc5 5. Nxe5 Nxe5 6. d4 Bd6 7. f4 Nc6 8. e5
Be7 9. exf6 Bxf6 10. Bc4 Nxd4 11. O-O O-O 12. Be3 Nc6 13. Qf3 d6 14. Qh5 Be6
15. Ba2 Bxa2 16. Nxa2 Bd4 17. Bxd4 Nxd4 18. c3 Nb3 19. Rae1 Nc5 20. Re3 Qf6 21.
Rh3 Qg6 22. Qh4 h6 23. f5 Qf6 24. Qxf6 gxf6 25. Rxh6 Kg7 26. Rh5 Rh8 27. Rxh8
Rxh8 28. Rf3 a6 29. Rg3+ Kf8 30. Kf2 Ne4+ 31. Kf3 Nxg3 32. Kxg3 Rh5 33. Kg4
Rxh2 34. Kg3 Rh5 35. Kg4 Rg5+ 36. Kh3 Rxf5 37. Nb4 Rf2 38. Nd3 Rd2 39. Nb4 Rxb2
40. Nd5 c6 41. Nxf6 Rb3 42. a4 Rxc3+ 43. Kh2 d5 44. Nd7+ Ke7 45. Nb6 d4 46. Kg1
Re3 47. Nc4 Re4 48. Nd2 Re6 49. Kf2 b5 50. a5 d3 51. Kf3 c5 52. g4 c4 53. Nb1
b4 54. g5 c3 55. Nxc3 bxc3 56. Kf4 d2 57. Kf5 d1=Q 58. g6 Qf3+ 59. Kg5 Rxg6+
60. Kh4 Qg4# 0-1

[Event "DVM U14w 2013"]
[Site "Oberbernhards-Hilders GER"]
[Date "2013.12.28"]
[Round "4"]
[White "Christiansen, Sarah"]
[Black "Held, Fabienne"]
[Result "1/2-1/2"]
[Termination "normal"]
[Board "9.4"]
[WhiteElo "1085"]
[BlackElo "882"]
[WhiteTeam "SC Schachelschweine"]
[BlackTeam "SK Neumarkt"]
[WhiteFideId "12971936"]
[BlackFideId "12964670"]
[EventCountry "GER"]
[EventRounds "7"]
[EventType "team-swiss"]
[EventDate "2013.12.26"]

1. e4 e5 2. Nf3 Nc6 3. Bc4 Nf6 4. d3 Bc5 5. Bg5 d6 6. O-O O-O 7. Nc3 h6 8. Be3
Bb6 9. h3 Be6 10. Bb3 Qd7 11. Re1 Rae8 12. a3 Qe7 13. Ba2 Bxa2 14. Rxa2 Qe6 15.
Ra1 d5 16. exd5 Nxd5 17. Nxd5 Qxd5 18. Rc1 Ne7 19. c4 Qe6 20. d4 e4 21. c5 Ba5
22. b4 exf3 23. Qxf3 Bxb4 24. axb4 Ng6 25. Qxb7 c6 26. Rcd1 Nh4 27. d5 Qg6 28.
Kf1 Qxg2+ 29. Ke2 Qf3+ 30. Kd2 1/2-1/2

[Event "DVM U14w 2013"]
[Site "Oberbernhards-Hilders GER"]
[Date "2013.12.28"]
[Round "4"]
[White "Rösler, Hannah Clara"]
[Black "Schneider, Xenia"]
[Result "0-1"]
[Termination "normal"]
[Board "10.1"]
[WhiteElo "879"]
[BlackElo "1002"]
[WhiteTeam "SK Bebenhausen 1992"]
[BlackTeam "SK Endingen"]
[WhiteFideId "12983500"]
[BlackFideId "12911984"]
[EventCountry "GER"]
[EventRounds "7"]
[EventType "team-swiss"]
[EventDate "2013.12.26"]

1. e4 c5 2. Nf3 Nc6 3. Bb5 d6 4. O-O Bd7 5. c3 Nf6 6. Re1 b6 7. d4 e6 8. Bg5
Be7 9. Nbd2 O-O 10. Qc2 h6 11. Bh4 cxd4 12. cxd4 Rc8 13. Qb3 Na5 14. Qd3 Bxb5
15. Qxb5 Nh7 16. Bg3 Ng5 17. Rad1 Nxf3+ 18. Nxf3 Qc7 19. Rc1 Qxc1 20. h3 Qc4
21. Qxc4 Nxc4 22. b3 Na3 23. d5 exd5 24. exd5 Rfe8 25. Nd4 Bf6 26. Rd1 Bxd4 27.
Rxd4 Re1+ 28. Kh2 Rcc1 29. Bf4 Rc2 30. Be3 Rxa2 31. Rd3 Nc2 32. Bf4 Re2 33. Kg3
Ne1 34. Rd4 Rxf2 35. Kh4 g5+ 36. Bxg5 hxg5+ 37. Kxg5 Rf3 38. Re4 Rxg2+ 39. Rg4
Rxg4+ 40. hxg4 Kg7 41. Kh5 Ng2 42. b4 f6 43. b5 Rh3# 0-1

[Event "DVM U14w 2013"]
[Site "Oberbernhards-Hilders GER"]
[Date "2013.12.28"]
[Round "4"]
[White "Dobryden, Arina Sergeevna"]
[Black "Wagner, Anna"]
[Result "1-0"]
[Termination "normal"]
[Board "10.3"]
[WhiteElo "800"]
[BlackElo "866"]
[WhiteTeam "SK Bebenhausen 1992"]
[BlackTeam "SK Endingen"]
[WhiteFideId "12983527"]
[BlackFideId "12983489"]
[EventCountry "GER"]
[EventRounds "7"]
[EventType "team-swiss"]
[EventDate "2013.12.26"]

1. d4 d5 2. Nc3 Nf6 3. Bf4 Nc6 4. Nb5 e5 5. dxe5 Ng4 6. e6 Bb4+ 7. c3 Bd6 8.
Nxd6+ cxd6 9. exf7+ Kxf7 10. e3 Rf8 11. Nf3 Kg8 12. Bd3 Bf5 13. Bxf5 Rxf5 14.
Qd3 Rf8 15. h3 Nge5 16. Bxe5 Nxe5 17. Nxe5 dxe5 18. Rd1 Rf7 19. e4 d4 20. cxd4
exd4 21. Qxd4 Qxd4 22. Rxd4 Rc8 23. O-O Rfc7 24. Rfd1 Rc1 25. Rxc1 Rxc1+ 26.
Kh2 Rc2 27. Rd7 Rxb2 28. e5 Re2 29. Re7 Kf8 30. Rxb7 Rxe5 31. Rxa7 Rf5 32. f3
h5 33. g4 hxg4 34. hxg4 Rxf3 35. a4 Rf2+ 36. Kg3 Rb2 37. a5 Rb3+ 38. Kf4 Ra3
39. a6 Ra4+ 40. Kg5 Ra5+ 41. Kh4 g6 42. Ra8+ Ke7 43. a7 Kd7 44. g5 Kc7 45. Rg8
Ra4+ 46. Kg3 Ra3+ 47. Kf4 Kb7 48. Ke5 Kxa7 49. Rxg6 Re3+ 50. Kf4 Re7 51. Rg8
Rf7+ 52. Kg4 Kb7 53. g6 Re7 54. Kf5 Kc7 55. Kf6 Kd7 56. g7 Re6+ 57. Kf7 Re7+
58. Kg6 Rxg7+ 59. Kxg7 Kd6 60. Re8 Kd5 61. Re7 Kd4 62. Re6 Kd5 63. Kf6 Kd4 64.
Re5 Kc4 65. Ke6 Kd4 66. Kd6 Kc4 67. Rd5 Kc3 68. Ke5 Kc4 69. Ke4 Kc3 70. Rd4 Kb3
71. Kd5 Kc3 72. Kc5 Kb3 73. Rc4 Kb2 74. Kb5 Kb3 75. Kc5 Kb2 76. Kd4 Kb3 77. Kd3
Kb2 78. Rc3 Kb1 79. Rc2 Ka1 80. Rh2 Kb1 81. Kc3 Ka1 82. Kb3 Kb1 83. Rh1# 1-0